| 000 | 00496nam a2200193Ia 4500 | ||
|---|---|---|---|
| 005 | 20250423095843.0 | ||
| 008 | 250422s9999 xx 000 0 und d | ||
| 020 | _a0071240349 | ||
| 050 | _aTA 1145 .B36/ | ||
| 100 | _aBanks, H. James | ||
| 245 | 0 | _aIntroduction to transportation engineering | |
| 250 | _a2nd ed. | ||
| 260 | _aAsia | ||
| 260 | _bMcGraw-Hill Education | ||
| 260 | _c2004 | ||
| 300 | _a502 p | ||
| 650 | _a Transportation engineering. Civil engineering. | ||
| 942 | _cBK | ||
| 999 |
_c31533 _d31533 |
||